Most Assists in Europe's Top 5 Leagues for 2020/21 - Statistics

General Stats
  • This quiz has been taken 76 times
  • The average score is 12 of 27
Answer Stats
# Assists Club Answer % Correct
1 18 Bayern Munich Thomas Müller
100%
2 14 Tottenham Hotspur Harry Kane
98%
5 12 Manchester City Kevin De Bruyne
90%
14 10 Tottenham Hotspur Son Heung-Min
84%
5 12 Manchester United Bruno Fernandes
77%
4 13 Celta Vigo Iago Aspas
73%
10 11 Borussia Dortmund Jadon Sancho
60%
10 11 Inter Milan Romelo Lukaku
56%
14 10 Bayern Munich Joshua Kimmich
52%
5 12 Olympique Lyon Memphis Depay
52%
14 10 Aston Villa Jack Grealish
48%
14 10 Bayern Munich Kingsley Coman
48%
2 14 Eintracht Frankfurt Filip Kostić
47%
10 11 Atlético Madrid Marcos Llorente
45%
14 10 Real Madrid Toni Kroos
45%
14 10 Olympique Marseille Dmitri Payet
35%
14 10 Atlético Madrid Yannick Carrasco
34%
14 10 Bayer Leverkusen Moussa Diaby
23%
5 12 Eintracht Frankfurt Daichi Kamada
21%
14 10 Napoli Piotr Zieliński
21%
14 10 Juventus Juan Cuadrado
19%
10 11 Borussia Mönchengladbach Jonas Hofmann
18%
14 10 Borussia Dortmund Raphaël Guerreiro
18%
14 10 Freiburg Vincenzo Grifo
16%
14 10 AS Roma Henrikh Mkhitaryan
15%
5 12 Atalanta Bergamo Ruslan Malinovsky
15%
14 10 Nîmes Zinedine Ferhat
5%
No matching quizzes found
Score Distribution
Percent of People with Each Score
Percentile by Number Answered
Your Score History
You have not taken this quiz